[Event "Ligue elite du dimanche"]
[Site "Montreal CAN"]
[Date "2007.09.30"]
[Round "4"]
[White "Charbonneau, Olivier"]
[Black "Luo, Alan"]
[Result "1-0"]
[WhiteElo "1276"]
[BlackElo "707"]
[PlyCount "26"]
[GameId "2160767910579317"]
[EventDate "2007.09.09"]
[EventType "swiss"]
[EventRounds "5"]
[EventCountry "CAN"]
[SourceTitle "EXT 2022"]
[Source "ChessBase"]
[SourceDate "2021.10.06"]
[SourceVersion "1"]
[SourceVersionDate "2021.10.06"]
[SourceQuality "1"]

1. c4 e5 2. g3 Nc6 3. Bg2 Nf6 4. Nc3 Bb4 5. e4 O-O 6. Nge2 Bc5 7. O-O Bd4 8. Nxd4 Nxd4 9. d3 d6 10. h3 Be6 11. Ne2 Nxe2+ 12. Qxe2 h6 13. f4 d5 1-0

[Event "Ligue elite du dimanche"]
[Site "Montreal CAN"]
[Date "2007.09.30"]
[Round "4"]
[White "Deer, Dennis"]
[Black "Dardoura, Khaled"]
[Result "0-1"]
[WhiteElo "1321"]
[BlackElo "1226"]
[PlyCount "80"]
[GameId "2160767910579318"]
[EventDate "2007.09.09"]
[EventType "swiss"]
[EventRounds "5"]
[EventCountry "CAN"]
[SourceTitle "EXT 2022"]
[Source "ChessBase"]
[SourceDate "2021.10.06"]
[SourceVersion "1"]
[SourceVersionDate "2021.10.06"]
[SourceQuality "1"]

1. d4 e6 2. c4 d5 3. Nc3 Nf6 4. cxd5 exd5 5. Qc2 c6 6. Bg5 Be7 7. e3 Nbd7 8. Bd3 h6 9. Bh4 O-O 10. Nf3 Re8 11. O-O Nh5 12. Bxe7 Qxe7 13. Rab1 Nhf6 14. b4 b6 15. Rfc1 Bb7 16. Na4 Rec8 17. a3 Rc7 18. Rb3 Rac8 19. Rc3 Kf8 20. Nh4 Qe6 21. Bf5 Qe7 22. Bd3 Qe6 23. Bf5 Qe7 24. Bh7 Nxh7 25. Nf5 Qe6 26. Ng3 Nhf6 27. f3 Ba6 28. Nb2 Bc4 29. Nxc4 dxc4 30. Rxc4 Qxe3+ 31. Kh1 Qxa3 32. Nf5 Re8 33. Nd6 Re6 34. Nb5 Qe3 35. Qd1 Rb7 36. Rxc6 Qe2 37. d5 Qxd1+ 38. Rxd1 Nxd5 39. Rc8+ Ke7 40. Re8+ Kxe8 0-1

[Event "Ligue elite du dimanche"]
[Site "Montreal CAN"]
[Date "2007.09.30"]
[Round "4"]
[White "Germain, Max"]
[Black "Landry, Martin"]
[Result "0-1"]
[WhiteElo "1599"]
[BlackElo "1636"]
[PlyCount "146"]
[GameId "2160767910579319"]
[EventDate "2007.09.09"]
[EventType "swiss"]
[EventRounds "5"]
[EventCountry "CAN"]
[SourceTitle "EXT 2022"]
[Source "ChessBase"]
[SourceDate "2021.10.06"]
[SourceVersion "1"]
[SourceVersionDate "2021.10.06"]
[SourceQuality "1"]

1. d4 Nf6 2. Nf3 e6 3. Bg5 c5 4. c3 cxd4 5. Qxd4 Be7 6. g3 Nc6 7. Qd1 d5 8. Bg2 O-O 9. O-O e5 10. Nbd2 h6 11. Bxf6 Bxf6 12. Ne1 Be6 13. e4 d4 14. c4 Rc8 15. Nd3 Ne7 16. b3 Ng6 17. Rc1 Qd7 18. b4 b6 19. a4 Be7 20. c5 bxc5 21. bxc5 Rc6 22. Nc4 Bxc4 23. Rxc4 Rfc8 24. Qc2 f6 25. Rc1 Nf8 26. Nb4 Rxc5 27. Rxc5 Rxc5 28. Qb3+ Qe6 29. Qxe6+ Nxe6 30. Rxc5 Bxc5 31. Nd3 Bb6 32. Bf1 Ng5 33. Bg2 Kf8 34. f4 Nf7 35. Kf1 Ke7 36. Nb4 Kd6 37. Ke2 Nd8 38. Kd3 exf4 39. gxf4 Ne6 40. Nd5 Nc5+ 41. Kc4 d3 42. Nxb6 axb6 43. a5 d2 44. Bf3 Nxe4 45. a6 Kc7 46. a7 d1=Q 47. Bxd1 Kb7 48. Bf3 f5 49. h4 Kxa7 50. h5 Ka6 51. Kd5 b5 52. Ke6 Ng3 53. Kf7 b4 54. Kxg7 b3 55. Bd1 b2 56. Bc2 Nxh5+ 57. Kxh6 Ng3 58. Kg5 Kb5 59. Kh4 Ne4 60. Kh5 Nd6 61. Kg6 Kc6 62. Kf6 Kc5 63. Ke5 Nc4+ 64. Ke6 Ne3 65. Bb1 Kd4 66. Kd6 Nd5 67. Bxf5 Nxf4 68. Bb1 Nd3 69. Kc6 Kc3 70. Kb5 Nc1 71. Ka4 Nb3 72. Ka3 Na1 73. Ka2 Nc2 0-1

[Event "Ligue elite du dimanche"]
[Site "Montreal CAN"]
[Date "2007.09.30"]
[Round "4"]
[White "Gilman, Arkadiy"]
[Black "Arsenault, Nicolas"]
[Result "1-0"]
[WhiteElo "2068"]
[BlackElo "2207"]
[PlyCount "61"]
[GameId "2160767910579320"]
[EventDate "2007.09.09"]
[EventType "swiss"]
[EventRounds "5"]
[EventCountry "CAN"]
[SourceTitle "EXT 2022"]
[Source "ChessBase"]
[SourceDate "2021.10.06"]
[SourceVersion "1"]
[SourceVersionDate "2021.10.06"]
[SourceQuality "1"]

1. d4 Nf6 2. c4 e6 3. Nc3 Bb4 4. Qb3 a5 5. Nf3 O-O 6. Bg5 h6 7. Bh4 g5 8. Bg3 Ne4 9. e3 b6 10. Bd3 Bb7 11. h4 Nxg3 12. fxg3 g4 13. Nh2 h5 14. O-O Nc6 15. Rad1 a4 16. Qc2 a3 17. b3 f5 18. d5 Bd6 19. dxc6 Bxg3 20. cxb7 Qxh4 21. Nf3 gxf3 22. gxf3 Rab8 23. Rd2 Kh8 24. Rg2 Rg8 25. Rd1 Be5 26. f4 Rxg2+ 27. Qxg2 Bxc3 28. Be2 d6 29. Bf3 Be1 30. Kf1 Bg3 31. Ke2 1-0

[Event "Ligue elite du dimanche"]
[Site "Montreal CAN"]
[Date "2007.09.30"]
[Round "4"]
[White "Regnier, Alain"]
[Black "Gauthier, Denis"]
[Result "0-1"]
[WhiteElo "2109"]
[BlackElo "1996"]
[PlyCount "78"]
[GameId "2160767910579322"]
[EventDate "2007.09.09"]
[EventType "swiss"]
[EventRounds "5"]
[EventCountry "CAN"]
[SourceTitle "EXT 2022"]
[Source "ChessBase"]
[SourceDate "2021.10.06"]
[SourceVersion "1"]
[SourceVersionDate "2021.10.06"]
[SourceQuality "1"]

1. Nf3 Nf6 2. c4 e6 3. Nc3 Bb4 4. g3 b6 5. Bg2 Bb7 6. O-O O-O 7. Qb3 Bxc3 8. Qxc3 d6 9. d4 Nbd7 10. b3 Ne4 11. Qc2 f5 12. Rd1 Qe7 13. Nd2 Ndf6 14. Nf1 h6 15. Re1 c5 16. Bb2 cxd4 17. Bxd4 e5 18. Bb2 f4 19. f3 Ng5 20. e4 Nfxe4 21. h4 Nxg3 22. hxg5 Qxg5 23. Nd2 Rf6 24. Rad1 Rg6 25. b4 Nf5 26. Ne4 Bxe4 27. Rxe4 Nh4 28. Re2 Nxf3+ 29. Kf1 Nh2+ 30. Ke1 f3 31. Qe4 Rf8 32. Rf2 fxg2 33. Rxf8+ Kxf8 34. Qa8+ Kf7 35. Qd5+ Re6 36. Kf2 Ng4+ 37. Kg1 Qe3+ 38. Kxg2 Qe2+ 39. Kg3 Ne3 0-1

[Event "Ligue elite du dimanche"]
[Site "Montreal CAN"]
[Date "2007.09.30"]
[Round "4"]
[White "Wu, Qiyou"]
[Black "Luo, Zhao Yang"]
[Result "1-0"]
[WhiteElo "1107"]
[BlackElo "1093"]
[PlyCount "77"]
[GameId "2160767910579323"]
[EventDate "2007.09.09"]
[EventType "swiss"]
[EventRounds "5"]
[EventCountry "CAN"]
[SourceTitle "EXT 2022"]
[Source "ChessBase"]
[SourceDate "2021.10.06"]
[SourceVersion "1"]
[SourceVersionDate "2021.10.06"]
[SourceQuality "1"]

1. d4 d5 2. c4 c6 3. Nc3 Nf6 4. Nf3 Nbd7 5. e3 e6 6. b3 Bb4 7. Bd2 Qa5 8. Qc2 Nf8 9. a3 dxc4 10. Bxc4 Bxc3 11. Bxc3 Qh5 12. Be2 Qg6 13. Qxg6 Nxg6 14. Bd3 Nd5 15. Bb2 f6 16. Rc1 Bd7 17. O-O O-O 18. Nd2 b5 19. Ne4 Rac8 20. Nc5 Rfd8 21. Nxd7 Rxd7 22. Bxb5 Rb7 23. Ba6 Rxb3 24. Bxc8 Rxb2 25. Bxe6+ Kf8 26. Bxd5 cxd5 27. Rc7 a6 28. Rc6 a5 29. Rc5 a4 30. Ra5 Rc2 31. Rxa4 Ke7 32. Ra7+ Kf8 33. Ra1 Ne7 34. h3 Nc6 35. Rd7 Ne7 36. a4 Ke8 37. Rb7 Kd8 38. a5 Kc8 39. Rxe7 1-0

[Event "Ligue elite du dimanche"]
[Site "Montreal CAN"]
[Date "2007.10.21"]
[Round "5"]
[White "Arsenault, Nicolas"]
[Black "Regnier, Alain"]
[Result "1-0"]
[WhiteElo "2207"]
[BlackElo "2109"]
[PlyCount "45"]
[GameId "2160767910579325"]
[EventDate "2007.09.09"]
[EventType "swiss"]
[EventRounds "5"]
[EventCountry "CAN"]
[SourceTitle "EXT 2022"]
[Source "ChessBase"]
[SourceDate "2021.10.06"]
[SourceVersion "1"]
[SourceVersionDate "2021.10.06"]
[SourceQuality "1"]

1. e4 e6 2. d4 d5 3. Nc3 Nf6 4. Bg5 Be7 5. e5 Nfd7 6. h4 Bxg5 7. hxg5 Qxg5 8. Qd3 f5 9. exf6 Nxf6 10. Nf3 Qf5 11. Qd2 Ne4 12. Qe3 Nc6 13. Bd3 Nb4 14. Nxe4 dxe4 15. Bxe4 Nxc2+ 16. Bxc2 Qxc2 17. Rc1 Qxb2 18. Rxc7 Qb1+ 19. Rc1 Qxa2 20. O-O Qa5 21. Rxc8+ Ke7 22. Rxh8 Rxh8 23. Ne5 1-0

[Event "Ligue elite du dimanche"]
[Site "Montreal CAN"]
[Date "2007.10.21"]
[Round "5"]
[White "Bouchard, Jean-Marc"]
[Black "Germain, Max"]
[Result "1-0"]
[WhiteElo "1760"]
[BlackElo "1599"]
[PlyCount "40"]
[GameId "2160767910579326"]
[EventDate "2007.09.09"]
[EventType "swiss"]
[EventRounds "5"]
[EventCountry "CAN"]
[SourceTitle "EXT 2022"]
[Source "ChessBase"]
[SourceDate "2021.10.06"]
[SourceVersion "1"]
[SourceVersionDate "2021.10.06"]
[SourceQuality "1"]

1. e4 c5 2. Nc3 Nc6 3. f4 g6 4. Nf3 Bg7 5. d3 e6 6. Be2 Nge7 7. O-O O-O 8. Be3 b6 9. Bf2 d5 10. d4 c4 11. g4 Kh8 12. Nb5 Ba6 13. Nd6 Nc8 14. Nxc8 Qxc8 15. c3 b5 16. a3 Bb7 17. Bg3 a5 18. Nh4 Ne7 19. f5 exf5 20. gxf5 f6 1-0

[Event "Ligue elite du dimanche"]
[Site "Montreal CAN"]
[Date "2007.10.21"]
[Round "5"]
[White "Cloutier, Mathieu"]
[Black "Gilman, Arkadiy"]
[Result "1/2-1/2"]
[WhiteElo "2048"]
[BlackElo "2068"]
[PlyCount "141"]
[GameId "2160767910579327"]
[EventDate "2007.09.09"]
[EventType "swiss"]
[EventRounds "5"]
[EventCountry "CAN"]
[SourceTitle "EXT 2022"]
[Source "ChessBase"]
[SourceDate "2021.10.06"]
[SourceVersion "1"]
[SourceVersionDate "2021.10.06"]
[SourceQuality "1"]

1. e4 e6 2. d4 d5 3. Nc3 Nf6 4. Bg5 dxe4 5. Nxe4 Be7 6. Bxf6 gxf6 7. Nf3 a6 8. Bc4 b5 9. Bb3 Bb7 10. Qe2 Nd7 11. O-O f5 12. Nc5 Bxc5 13. dxc5 Qf6 14. Qe3 f4 15. Qe2 Nxc5 16. a4 Rg8 17. g3 Qxb2 18. axb5 Qc3 19. Nh4 fxg3 20. hxg3 Qd4 21. Nf5 Qg4 22. Qxg4 Rxg4 23. Ne3 Rb4 24. bxa6 Rxa6 25. Rxa6 Bxa6 26. Ra1 Bb7 27. Bc4 Ke7 28. Re1 Rb2 29. f4 Ne4 30. Bd3 Nxg3 31. Bxh7 Nh5 32. f5 Nf6 33. fxe6 Nxh7 34. Nf5+ Kf6 35. e7 Bc6 36. Ne3 Rb8 37. Nd5+ Kg7 38. Kf2 f6 39. Nxc7 Kf7 40. e8=Q+ Bxe8 41. Nd5 Rb7 42. c4 Ng5 43. Nxf6 Bc6 44. Nd5 Ne6 45. Re3 Rb2+ 46. Re2 Rb8 47. Re3 Rh8 48. Rf3+ Ke8 49. Rf6 Kd7 50. Rf7+ Kd6 51. Rf6 Ke5 52. Rf7 Rh4 53. Ne3 Rh5 54. Ng4+ Kd4 55. Ne3 Rh2+ 56. Kg3 Rh8 57. Kf2 Ra8 58. Rf6 Re8 59. Rf5 Be4 60. Rf6 Nc5 61. Nf5+ Ke5 62. Nd6 Rg8 63. Rh6 Nd3+ 64. Ke3 Rg3+ 65. Kd2 Bg6 66. Nb5 Nc5 67. Rh4 Bf7 68. Nc3 Nb3+ 69. Kc2 Nd4+ 70. Kb2 Bxc4 71. Re4+ 1/2-1/2

[Event "Ligue elite du dimanche"]
[Site "Montreal CAN"]
[Date "2007.10.21"]
[Round "5"]
[White "Dardoura, Khaled"]
[Black "Charbonneau, Olivier"]
[Result "1-0"]
[WhiteElo "1226"]
[BlackElo "1276"]
[PlyCount "43"]
[GameId "2160767910579328"]
[EventDate "2007.09.09"]
[EventType "swiss"]
[EventRounds "5"]
[EventCountry "CAN"]
[SourceTitle "EXT 2022"]
[Source "ChessBase"]
[SourceDate "2021.10.06"]
[SourceVersion "1"]
[SourceVersionDate "2021.10.06"]
[SourceQuality "1"]

1. d4 d5 2. c4 c6 3. Nc3 Nf6 4. Nf3 dxc4 5. e3 Bg4 6. Bxc4 e6 7. O-O Bd6 8. e4 Be7 9. Be3 O-O 10. Qb3 Qc8 11. Ne5 Bh5 12. Rac1 a5 13. a4 Na6 14. d5 exd5 15. exd5 c5 16. Nd3 Nb4 17. Bxc5 Nxd3 18. Bxe7 Nxc1 19. Rxc1 Re8 20. d6 Qg4 21. Re1 Rad8 22. Bb5 1-0

[Event "Ligue elite du dimanche"]
[Site "Montreal CAN"]
[Date "2007.10.21"]
[Round "5"]
[White "Landry, Martin"]
[Black "Landou, Mohamed"]
[Result "1-0"]
[WhiteElo "1636"]
[BlackElo "1364"]
[PlyCount "81"]
[GameId "2160767910579330"]
[EventDate "2007.09.09"]
[EventType "swiss"]
[EventRounds "5"]
[EventCountry "CAN"]
[SourceTitle "EXT 2022"]
[Source "ChessBase"]
[SourceDate "2021.10.06"]
[SourceVersion "1"]
[SourceVersionDate "2021.10.06"]
[SourceQuality "1"]

1. d4 d5 2. c4 c6 3. cxd5 cxd5 4. Nc3 Nf6 5. g3 e6 6. a3 Be7 7. Bg2 Nc6 8. Nf3 O-O 9. O-O b6 10. Re1 Bb7 11. b4 Rc8 12. Bb2 Qc7 13. Qd3 Qb8 14. Rad1 Nxb4 15. axb4 Bxb4 16. Nd2 a5 17. Ra1 Qa8 18. Rec1 Ba6 19. Qf3 b5 20. e4 Qa7 21. e5 Qxd4 22. exf6 Qxd2 23. Qg4 Qh6 24. fxg7 Rfd8 25. Ne2 Qg6 26. Qd4 Ra8 27. Nf4 Qg4 28. Bh3 Qg5 29. Nxe6 Qe7 30. Nxd8 Rxd8 31. Rc6 Bb7 32. Rh6 Bc8 33. Bxc8 Rxc8 34. Qxd5 Rd8 35. Qe5 Qd7 36. Qe4 f5 37. Qe6+ Qxe6 38. Rxe6 Bc5 39. Rxa5 Bxf2+ 40. Kxf2 Rd2+ 41. Re2 1-0

[Event "Ligue elite du dimanche"]
[Site "Montreal CAN"]
[Date "2007.10.21"]
[Round "5"]
[White "Perreault, Jacques"]
[Black "Zire, Mohamed"]
[Result "0-1"]
[WhiteElo "1593"]
[BlackElo "1385"]
[PlyCount "74"]
[GameId "2160767910579331"]
[EventDate "2007.09.09"]
[EventType "swiss"]
[EventRounds "5"]
[EventCountry "CAN"]
[SourceTitle "EXT 2022"]
[Source "ChessBase"]
[SourceDate "2021.10.06"]
[SourceVersion "1"]
[SourceVersionDate "2021.10.06"]
[SourceQuality "1"]

1. c4 e5 2. Nf3 d6 3. g3 f5 4. d3 Nf6 5. Bg2 Be7 6. b4 O-O 7. O-O Nbd7 8. Qb3 c6 9. Ng5 Nb8 10. Nc3 h6 11. Nf3 Be6 12. a4 Nbd7 13. d4 e4 14. Nh4 Qe8 15. d5 cxd5 16. cxd5 Nxd5 17. Nxf5 Rxf5 18. Bxe4 Nc7 19. Qb1 Rf8 20. Bxb7 Rb8 21. Bc6 Bh3 22. Rd1 Qf7 23. Be3 Qc4 24. Nd5 Bf6 25. Rc1 Qxe2 26. Ra2 Qh5 27. Nxc7 Ne5 28. Qe4 Bf5 29. Bd5+ Kh8 30. Qg2 Rxb4 31. h3 Bxh3 32. Qh1 Nd3 33. Bf3 Qf5 34. Rd1 Ne5 35. Bd5 Rb1 36. Rad2 Bg4 37. Be6 Bxd1 0-1

[Event "London ch"]
[Site "London CAN"]
[Date "2007.01.18"]
[Round "2"]
[White "Fillion, Nicolas"]
[Black "Jackson, David"]
[Result "1-0"]
[WhiteElo "1448"]
[BlackElo "2015"]
[PlyCount "103"]
[GameId "2160767910735171"]
[EventDate "2007.01.11"]
[EventType "swiss"]
[EventRounds "7"]
[EventCountry "CAN"]

1. e4 c5 2. Nc3 g6 3. g3 Bg7 4. Bg2 d6 5. d3 Nf6 6. f4 O-O 7. Nf3 Nc6 8. O-O Nd4 9. h3 Rb8 10. Be3 Qb6 11. Rb1 a5 12. g4 e5 13. fxe5 dxe5 14. Nxe5 Nxe4 15. Nxe4 Bxe5 16. c3 Ne6 17. Qe1 Qd8 18. Nxc5 Nxc5 19. Bxc5 Re8 20. Qf2 f5 21. d4 Bg7 22. Qf4 Ra8 23. Rbe1 Ra6 24. Rxe8+ Qxe8 25. gxf5 gxf5 26. d5 Rg6 27. Bd4 Bh6 28. Qe5 Qxe5 29. Bxe5 Be3+ 30. Kh2 Bd7 31. b3 b6 32. a3 Kf7 33. c4 Bc5 34. Bb2 Bd6+ 35. Kh1 Rg3 36. Rf3 Rg8 37. Bd4 Rb8 38. b4 axb4 39. axb4 Bxb4 40. Rb3 Ba5 41. c5 Ba4 42. Rb2 b5 43. c6 Bc7 44. Bc5 Rd8 45. Rd2 f4 46. d6 Bxd6 47. Bxd6 Ke6 48. c7 Rg8 49. Bxf4 Ke7 50. Bg5+ Rxg5 51. c8=Q Kf6 52. Rd6+ 1-0

[Event "Longueuil CC ch"]
[Site "Longueuil CAN"]
[Date "2007.01.13"]
[Round "2"]
[White "Gauthier, Denis"]
[Black "Klimczak, Jean"]
[Result "1-0"]
[WhiteElo "1912"]
[BlackElo "1732"]
[PlyCount "89"]
[GameId "2160767910739422"]
[EventDate "2007.01.06"]
[EventType "swiss"]
[EventRounds "5"]
[EventCountry "CAN"]
[SourceTitle "EXT 2022"]
[Source "ChessBase"]
[SourceDate "2021.10.06"]
[SourceVersion "1"]
[SourceVersionDate "2021.10.06"]
[SourceQuality "1"]

1. d4 d5 2. c4 c6 3. Nf3 Nf6 4. Nc3 g6 5. e3 Bg7 6. Be2 O-O 7. O-O Re8 8. b3 Nbd7 9. Bb2 b6 10. Rc1 Bb7 11. Qc2 Rc8 12. Qb1 e6 13. Rfd1 Bf8 14. e4 Bh6 15. Nd2 dxe4 16. Ncxe4 Nxe4 17. Qxe4 f5 18. Qd3 c5 19. Qh3 Bg7 20. Nf3 Bxf3 21. Bxf3 cxd4 22. Bxd4 Qc7 23. Bxg7 Kxg7 24. Qh4 Nf6 25. Qd4 Red8 26. Qc3 Kf7 27. Rxd8 Rxd8 28. c5 Nd5 29. Bxd5 Rxd5 30. Qh8 Qxc5 31. Qxh7+ Kf6 32. Qh6 Qd6 33. h4 Rd1+ 34. Rxd1 Qxd1+ 35. Kh2 Qe2 36. f4 Kf7 37. Qh7+ Kf6 38. Qg8 e5 39. Qf8+ Ke6 40. Qe8+ Kf6 41. Qc6+ Kf7 42. Qd7+ Kf8 43. Qd6+ Kf7 44. fxe5 Qe4 45. Qf6+ 1-0

[Event "Longueuil CC ch"]
[Site "Longueuil CAN"]
[Date "2007.01.13"]
[Round "2"]
[White "Jette, Georges"]
[Black "Pellion, Philippe"]
[Result "0-1"]
[WhiteElo "1810"]
[BlackElo "1288"]
[PlyCount "81"]
[GameId "2160767910739423"]
[EventDate "2007.01.06"]
[EventType "swiss"]
[EventRounds "5"]
[EventCountry "CAN"]
[SourceTitle "EXT 2022"]
[Source "ChessBase"]
[SourceDate "2021.10.06"]
[SourceVersion "1"]
[SourceVersionDate "2021.10.06"]
[SourceQuality "1"]

1. e4 e5 2. Nf3 d6 3. d4 Bg4 4. dxe5 Bxf3 5. Qxf3 dxe5 6. Bc4 Nf6 7. Qb3 Qc8 8. Bxf7+ Ke7 9. Nc3 Nc6 10. Bd5 h6 11. Bxc6 bxc6 12. Be3 Rb8 13. Bc5+ Ke8 14. Qc4 a6 15. Bxf8 Kxf8 16. b3 g5 17. O-O-O Rb6 18. Qc5+ Kg7 19. Qxe5 Re8 20. Qd4 Qe6 21. f3 Qe5 22. Qxe5 Rxe5 23. h4 g4 24. f4 Rc5 25. Na4 Ra5 26. Nxb6 cxb6 27. Kb2 Nxe4 28. Rd7+ Kf6 29. Re1 Ke6 30. Rd4 Rd5 31. Rexe4+ Kf6 32. Rxd5 cxd5 33. Re5 d4 34. Rd5 b5 35. Rxd4 Kf5 36. g3 h5 37. Rd5+ Ke4 38. Rxh5 Kf3 39. Rg5 Kxg3 40. h5 Kxf4 41. Rxg4+ 0-1

[Event "Longueuil CC ch"]
[Site "Longueuil CAN"]
[Date "2007.01.13"]
[Round "2"]
[White "Kieu, Marc-Andre"]
[Black "Pachah, Parwiz"]
[Result "0-1"]
[WhiteElo "1859"]
[BlackElo "2122"]
[PlyCount "90"]
[GameId "2160767910739424"]
[EventDate "2007.01.06"]
[EventType "swiss"]
[EventRounds "5"]
[EventCountry "CAN"]
[SourceTitle "EXT 2022"]
[Source "ChessBase"]
[SourceDate "2021.10.06"]
[SourceVersion "1"]
[SourceVersionDate "2021.10.06"]
[SourceQuality "1"]

1. e4 d5 2. exd5 Qxd5 3. Nc3 Qd8 4. d4 Nf6 5. Bc4 Nc6 6. Be3 Bf5 7. Nf3 e6 8. Qd2 Bb4 9. Bd3 Ne4 10. Bxe4 Bxe4 11. O-O-O Ne7 12. Ng5 Bg6 13. Qe2 Bxc3 14. bxc3 Qd5 15. Kb2 Qxg2 16. d5 Nxd5 17. Rdg1 Nxc3 18. Kxc3 Qc6+ 19. Kb2 h6 20. Nf3 Bh5 21. Rg3 O-O-O 22. c4 e5 23. Re1 Qf6 24. Qf1 Bxf3 25. Qh3+ Kb8 26. Rxf3 Qc6 27. Rc1 e4 28. Rxf7 Rd3 29. Qf5 b6 30. Bf4 Rc8 31. Qb5 Qe6 32. Rf5 Kb7 33. Kb1 c5 34. Re5 Qf6 35. Rxe4 g5 36. Bg3 a6 37. Qa4 Rc6 38. Rce1 Rd7 39. Re6 Qf5+ 40. Ka1 b5 41. cxb5 Rxe6 42. bxa6+ Kc8 43. Rc1 Qf6+ 44. Kb1 Rb6+ 45. Kc2 Qb2# 0-1

[Event "Longueuil CC ch"]
[Site "Longueuil CAN"]
[Date "2007.01.13"]
[Round "2"]
[White "Landry, Martin"]
[Black "Villeneuve, Benoit"]
[Result "1/2-1/2"]
[WhiteElo "1643"]
[BlackElo "1898"]
[PlyCount "113"]
[GameId "2160767910739426"]
[EventDate "2007.01.06"]
[EventType "swiss"]
[EventRounds "5"]
[EventCountry "CAN"]
[SourceTitle "EXT 2022"]
[Source "ChessBase"]
[SourceDate "2021.10.06"]
[SourceVersion "1"]
[SourceVersionDate "2021.10.06"]
[SourceQuality "1"]

1. d4 f5 2. c4 Nf6 3. Nc3 e6 4. Bg5 Be7 5. Nf3 O-O 6. g3 d6 7. Bg2 Nc6 8. O-O a6 9. a3 Qe8 10. Qc2 Qh5 11. h4 h6 12. Bxf6 Bxf6 13. Qd2 Ne7 14. e4 e5 15. dxe5 dxe5 16. Nd5 Nxd5 17. Qxd5+ Kh8 18. exf5 Qxf5 19. Qc5 Rf7 20. Rad1 Be6 21. Nh2 c6 22. Qe3 Bxc4 23. Be4 Qe6 24. Rfe1 Bd5 25. Qd3 Rd8 26. Bg6 Rff8 27. Bf5 Qf7 28. Bg6 Qc7 29. Qe2 Qb6 30. Ng4 Rd6 31. Bb1 Re6 32. Ne3 e4 33. Nxd5 cxd5 34. Rxd5 Bd4 35. Rf1 Bxb2 36. Rd7 Bd4 37. Kg2 Bc5 38. Qg4 Rg6 39. Qxe4 Qc6 40. Qxc6 Rxc6 41. a4 Rb6 42. f3 Rb2+ 43. Kh3 Kg8 44. Be4 b6 45. Ra7 a5 46. Rd1 Re8 47. h5 Rb4 48. Rdd7 Bd4 49. Bd5+ Kh8 50. Rf7 Rc8 51. Ra8 Rxa8 52. Bxa8 Bc5 53. Bc6 Kg8 54. Rd7 Kf8 55. Rb7 Rc4 56. Rf7+ Kxf7 57. Bd5+ 1/2-1/2

[Event "Longueuil CC ch"]
[Site "Longueuil CAN"]
[Date "2007.01.20"]
[Round "3"]
[White "Desgroseilliers, Roland"]
[Black "Dumont, Pierre"]
[Result "0-1"]
[WhiteElo "1443"]
[BlackElo "1285"]
[PlyCount "78"]
[GameId "2160767910739427"]
[EventDate "2007.01.06"]
[EventType "swiss"]
[EventRounds "5"]
[EventCountry "CAN"]
[SourceTitle "EXT 2022"]
[Source "ChessBase"]
[SourceDate "2021.10.06"]
[SourceVersion "1"]
[SourceVersionDate "2021.10.06"]
[SourceQuality "1"]

1. e4 c6 2. Nf3 d5 3. e5 Bf5 4. d4 e6 5. Be2 Bb4+ 6. Nbd2 Bxd2+ 7. Nxd2 Ne7 8. O-O O-O 9. Nf3 h6 10. Nh4 Bh7 11. Bd3 Nd7 12. Bxh7+ Kxh7 13. Qd3+ Kh8 14. f4 Ng8 15. f5 Qxh4 16. Rf4 Qe1+ 17. Rf1 Qe4 18. Qxe4 dxe4 19. f6 g6 20. Rf4 c5 21. c3 cxd4 22. cxd4 Nb6 23. b3 Nd5 24. Rh4 Kh7 25. Rxe4 Rac8 26. Bg5 hxg5 27. Rf1 Nh6 28. h4 gxh4 29. Rxh4 Ne3 30. Rf3 Nef5 31. Rhh3 Nxd4 32. Re3 Ndf5 33. Re4 Rc1+ 34. Kf2 g5 35. g4 Nh4 36. Rxh4 gxh4 37. g5 Nf5 38. Rg4 Kg6 39. Kg2 Ne3+ 0-1

[Event "Longueuil CC ch"]
[Site "Longueuil CAN"]
[Date "2007.01.20"]
[Round "3"]
[White "Guentchev, Radoslav"]
[Black "Sicotte, Marc"]
[Result "0-1"]
[WhiteElo "1676"]
[BlackElo "2107"]
[PlyCount "104"]
[GameId "2160767910739428"]
[EventDate "2007.01.06"]
[EventType "swiss"]
[EventRounds "5"]
[EventCountry "CAN"]
[SourceTitle "EXT 2022"]
[Source "ChessBase"]
[SourceDate "2021.10.06"]
[SourceVersion "1"]
[SourceVersionDate "2021.10.06"]
[SourceQuality "1"]

1. d4 d5 2. Bf4 c6 3. c3 Nf6 4. Nd2 g6 5. Ngf3 Bg7 6. e3 Nbd7 7. Bd3 Nh5 8. Bg3 O-O 9. O-O Nxg3 10. hxg3 e5 11. dxe5 Nxe5 12. Nxe5 Bxe5 13. Nf3 Bg7 14. Qc2 Re8 15. Rad1 Qa5 16. Qb1 Bg4 17. Rd2 Re7 18. Nh2 Be6 19. f4 Qc5 20. Re1 Rae8 21. f5 Bxf5 22. Bxf5 Rxe3 23. Rxe3 Bh6 24. Ng4 Bxe3+ 25. Nxe3 Qxe3+ 26. Rf2 Qe1+ 27. Rf1 Qe3+ 28. Rf2 gxf5 29. Qxf5 Qc1+ 30. Rf1 Qe3+ 31. Rf2 Qe6 32. Qh5 Qg6 33. Qh4 Re1+ 34. Kh2 Re6 35. Qd8+ Kg7 36. Rf4 Rf6 37. Rxf6 Qxf6 38. Qd7 Qh6+ 39. Kg1 Qc1+ 40. Kh2 Qxb2 41. Qg4+ Kf8 42. Qc8+ Ke7 43. Qc7+ Ke6 44. Qc8+ Kd6 45. Qb8+ Kc5 46. Qxa7+ b6 47. Qe7+ Kb5 48. Qxf7 Qxc3 49. Qf1+ Ka5 50. Qf7 Qc2 51. Qa7+ Kb5 52. Qa3 d4 0-1

[Event "Longueuil CC ch"]
[Site "Longueuil CAN"]
[Date "2007.01.20"]
[Round "3"]
[White "Jette, Georges"]
[Black "Pilon, Denis"]
[Result "1-0"]
[WhiteElo "1810"]
[BlackElo "1577"]
[PlyCount "39"]
[GameId "2160767910739429"]
[EventDate "2007.01.06"]
[EventType "swiss"]
[EventRounds "5"]
[EventCountry "CAN"]
[SourceTitle "EXT 2022"]
[Source "ChessBase"]
[SourceDate "2021.10.06"]
[SourceVersion "1"]
[SourceVersionDate "2021.10.06"]
[SourceQuality "1"]

1. e4 e5 2. Nf3 Nc6 3. Bc4 Bc5 4. O-O d6 5. c3 Bg4 6. b4 Bb6 7. a4 a6 8. d3 Qd7 9. Nbd2 Nf6 10. Bb2 O-O 11. Qb3 Nd8 12. d4 Re8 13. dxe5 Bxf3 14. exf6 Bxg2 15. Kxg2 Qg4+ 16. Kh1 g6 17. Rae1 Qf4 18. Bd5 c6 19. Bc4 Qxd2 20. Bc1 1-0

[Event "Longueuil CC ch"]
[Site "Longueuil CAN"]
[Date "2007.01.20"]
[Round "3"]
[White "Lefebvre, Gabriel"]
[Black "Maystorov, Vasil"]
[Result "1-0"]
[WhiteElo "1572"]
[BlackElo "1735"]
[PlyCount "49"]
[GameId "2160767910739430"]
[EventDate "2007.01.06"]
[EventType "swiss"]
[EventRounds "5"]
[EventCountry "CAN"]
[SourceTitle "EXT 2022"]
[Source "ChessBase"]
[SourceDate "2021.10.06"]
[SourceVersion "1"]
[SourceVersionDate "2021.10.06"]
[SourceQuality "1"]

1. e4 e5 2. Nf3 Nc6 3. Bb5 d6 4. d4 Bd7 5. O-O exd4 6. Nxd4 Nf6 7. Nc3 Be7 8. Re1 O-O 9. Nxc6 bxc6 10. Bd3 Be6 11. e5 Nd7 12. exd6 cxd6 13. Qh5 Nf6 14. Qh4 h6 15. Bxh6 Ng4 16. Bg5 Nh6 17. Bxe7 Qb6 18. Bxf8 Kxf8 19. Qf4 Kg8 20. Qxd6 Rd8 21. Rxe6 fxe6 22. Qxe6+ Kf8 23. Re1 Ng8 24. Bg6 Qc7 25. Qe8+ 1-0